000 00724cam a22002411 4500
001 10646
003 BD-RjUL
005 20211208235006.0
008 140125s1967 enkad b 000 0 eng
035 _a(BD-RjUL) 10694
040 _aDLC
_cDLC
_dDLC
_dBD-RjUL
_beng
041 _aeng
082 0 0 _a551.116
_221
_bEAR 1967
245 1 4 _aThe earth's mantle /
_cedited by T. F. Gaskell.
260 _aLondon ;
_aNew York :
_bAcademic Press,
_c1967.
300 _axiv, 509 p. :
_bcharts, diagrs. ;
_c23 cm.
504 _aIncludes bibliographies and index.
651 0 _aEarth (Planet)
_xMantle.
_932713
700 _aGaskell, T. F.
_qThomas Frohock.
_932916
942 _2ddc
_cBK
999 _c10646
_d10646